000 00153nam a2200085Ia 4500
100 _aGARY KINDER
942 _cBK
245 _aSHIP OF GOLD
260 _b#N/A
999 _c25057
_d25057